Best Countries for Business - Statistics

General Stats
  • This quiz has been taken 97 times
  • The average score is 5 of 10
Answers on the Map
Answers color-coded by a green-red scale on the quiz's map according to % correct below.
 
Answer Stats
Rank Hint Answer % Correct
1 U United States
100%
3 C Canada
66%
5 U United Kingdom
61%
7 A Australia
53%
2 N New Zealand
53%
8 F Finland
52%
10 N Norway
42%
9 S Switzerland
41%
6 S Singapore
40%
4 H Hong Kong
30%
No matching quizzes found
Score Distribution
Percent of People with Each Score
Percentile by Number Answered
Your Score History
You have not taken this quiz